Adamawa (Record no. 38031)

MARC details
000 -LEADER
fixed length control field 00572nam a2200157Ia 4500
022 ## - INTERNATIONAL STANDARD SERIAL NUMBER
ISSN HD 9715.A2 .I58/
050 ## - CALL MARK
Classification number ADSU journal of economics and interrelated disciplines
245 #0 - TITLE STATEMENT
Title Adamawa
260 ## - PUBLICATION, DISTRIBUTION, ETC. (IMPRINT)
Place of publication University of Washington Graduate School of Business Administration and the Western Finance Association
260 ## - PUBLICATION, DISTRIBUTION, ETC. (IMPRINT)
Name of publisher 2016
260 ## - PUBLICATION, DISTRIBUTION, ETC. (IMPRINT)
Year of publication vi, 278 p. :ill. ; 25 cm.
300 ## - PHYSICAL DESCRIPTION
Number of Pages Budgeting interrelated activities, Studies in mathematical and managerial economics
650 ## - SUBJECT ADDED ENTRY--TOPICAL TERM
Topical Term SR

No items available.